Những vấn đề thời sự văn hoá

Gorde:
Xehetasun bibliografikoak
Egile nagusia: Huỳnh Khái Vinh
Formatua: Liburua
Hizkuntza:Undetermined
Argitaratua: H. VHTT 1998
Gaiak:
Etiketak: Etiketa erantsi
Etiketarik gabe, Izan zaitez lehena erregistro honi etiketa jartzen!
Thư viện lưu trữ: Trung tâm Học liệu Trường Đại học Cần Thơ
LEADER 00535nam a2200193Ia 4500
001 CTU_53430
008 210402s9999 xx 000 0 und d
020 |b 27000 
082 |a 306.09597 
082 |b V312 
100 |a Huỳnh Khái Vinh 
245 0 |a Những vấn đề thời sự văn hoá 
245 0 |c Huỳnh Khái Vinh 
260 |a H. 
260 |b VHTT 
260 |c 1998 
650 |a vietnam,vietnam 
650 |x civilization,intellectual life 
980 |a Trung tâm Học liệu Trường Đại học Cần Thơ